Ч. 3: Атмосферные перенапряжения и грозозащита электротехнических установок. Координация изоляции; Лекции по курсу: "Перенапряжения и защита от перенапряжений"

Bibliographic Details
Parent link:Лекции по курсу: "Перенапряжения и защита от перенапряжений": в 3 ч./ А. А. Дульзон; Томский политехнический институт (ТПИ). Ч. 3: Атмосферные перенапряжения и грозозащита электротехнических установок. Координация изоляции.— , 1968-1970
Language:Russian
Published: 1970
Subjects:
Format: Book
KOHA link:https://koha.lib.tpu.ru/cgi-bin/koha/opac-detail.pl?biblionumber=33719

MARC

LEADER 00000nam2a2200000 4500
001 33719
005 20231030215913.0
035 |a (RuTPU)RU\TPU\book\34085 
035 |a BOOK00000736 
090 |a 33719 
100 |a 20011210d1970 m y0 y50 ca 
101 0 |a rus 
102 |a RU 
105 |a a j 000zy 
200 0 |a Ч. 3: Атмосферные перенапряжения и грозозащита электротехнических установок. Координация изоляции 
210 |d 1970 
215 |a 113 с.  |c ил. 
461 1 |0 (RuTPU)RU\TPU\book\34082  |t Лекции по курсу: "Перенапряжения и защита от перенапряжений"  |o в 3 ч.  |f А. А. Дульзон  |g Томский политехнический институт (ТПИ)  |v Ч. 3: Атмосферные перенапряжения и грозозащита электротехнических установок. Координация изоляции  |d 1968-1970 
610 1 |a высокие напряжения 
610 1 |a техника 
610 1 |a перенапряжения атмосферные 
610 1 |a грозозащита 
610 1 |a электротехнические установки 
610 1 |a изоляция 
610 1 |a труды учёных ТПУ 
610 1 |a лекции 
610 1 |a учебные пособия 
675 |a 621.316.9(02)  |v 3 
801 0 |a RU  |b 63413507  |c 20011210  |g PSBO 
801 2 |a RU  |b 63413507  |c 20171208  |g PSBO 
900 |a Техника высоких напряжений 
900 |a Перенапряжения и координация изоляции 
942 |c BK